000 03448cam a22012134i 4500
003 PE-LiUPU
005 20250813185429.0
008 190403s2015 pe rb 000 0 spa d
020 _a6124242133
020 _a9786124242137
035 _a(Sirsi) a252051
040 _aPE-LiUPU
_bspa
_cPE-LiUPU
_erda
049 _aPRUA
082 0 4 _a335.02
_bA68
_c223
100 1 _aArce Espinoza, Elmer,
_eautor.
245 1 3 _aLa utopía postergada :
_bun enfoque social de la salud en el Perú /
_cElmer Arce Espinoza.
264 1 _aPeru :
_bUniversidad Peruana Cayetano Heredia,
_c2015.
300 _a453 páginas ;
_c24 centímetros
336 _atext
_2rdacontent
337 _aunmediated
_2rdamedia
338 _avolume
_2rdacarrier
504 _aBibliografía: páginas 436-453.
505 0 _aEl proceso salud-enfermedad en el contexto de la dominación colonial -- la independencia: las primeras décadas (1821-1895) -- siglo xx: la república aristocrática (1895-1919) -- la república oligárquimica. De la década de los veinte a los años sesenta -- siglo xx: los años setenta y la ruptura oligárquimica -- siglo xx: la década de los ochenta. La atención primaria de la salud -- el modelo globalizador y su impacto en el proceso salud-enfermedad -- siglo xxi: el proceso salud-enfermedad en los tiempos globalizadores y de economía de mercado. Una aproximación explicativa -- la salud y el desarrollo: más allá de la enfermedad y la muerte.
526 _aP202
526 _aP201
526 _aP163
526 _aP162
526 _aP161
526 _aP160
526 _aP148
526 _aP147
526 _aP146
526 _aP145
526 _aP144
526 _aP143
526 _aP142
526 _aP141
526 _aP140
526 _aP139
526 _aP138
526 _aP137
526 _aP136
526 _aP135
526 _aP134
526 _aP133
526 _aP129
526 _aP128
526 _aP127
526 _aP120
526 _aP119
526 _aP118
526 _aP116
526 _aP115
526 _aP114
526 _aP110
526 _aP109
526 _aP108
526 _aP104
526 _aP103
526 _aP102
526 _aP99
526 _aP98
526 _aP97
526 _aP96
526 _aP95
526 _aP93
526 _aP90
526 _aP89
526 _aP88
526 _aP83
526 _aP82
526 _aP62
526 _aP59
526 _aP58
526 _aP57
526 _aP51
526 _aP49
526 _aP48
526 _aP47
526 _aP29
526 _aP24
526 _aP20
526 _aP19
526 _aP17
526 _aP15
526 _aP14
526 _aP12
526 _aP10
526 _aP09
526 _aP08
526 _aP07
526 _aP06
526 _aP05
526 _aP04
526 _aP01
541 _g025-56;
650 0 4 _aLa autopía.
650 0 4 _aLa salud en el Perú.
910 _adbm
_bksl
_cksl
_d20190403
942 _2ddc
_cBOOK
994 _aC0
_bPEPRU
596 _a1
999 _a335.02 A68
_wDEWEY
_c31311
_i80076
_f2021-11-5
_g3
_lCCODEBUL1
_mBUL
_p22.66
_r0
_sY
_tBOOK
_u2019-4-3
_xFCE
_PP83
_0COMPRA
_1FCOMPR2
_o.STAFF. Colección Ciencias de la Salud
_d31311
980 _81
_gALBERTO SANCHEZ Responsable de Automatización